[Event "Titled Tuesday intern op 26th Sep Early"]
[Site "Chess.com INT"]
[Date "2023.09.26"]
[Round "6"]
[White "Raj, Jaivardhan"]
[Black "Barwinska, Ewa"]
[Result "0-1"]
[WhiteElo "1969"]
[BlackElo "2030"]
[PlyCount "94"]
[EventDate "2023.09.26"]
[EventType "swiss (blitz)"]
[EventRounds "11"]
[EventCountry "USA"]
[SourceTitle "EXT 2024"]
[Source "ChessBase"]
[SourceDate "2023.10.10"]
[SourceVersion "1"]
[SourceVersionDate "2023.10.10"]
[SourceQuality "1"]

1. e4 c6 2. d4 d5 3. Nd2 dxe4 4. Nxe4 Nf6 5. Nxf6+ exf6 6. c3 Bd6 7. Bd3 0-0 8. Qc2 h6 9. Ne2 Qc7 10. h3 Nd7 11. 0-0 Re8 12. Be3 Nf8 13. Qd2 Ne6 14. Bxh6 gxh6 15. Qxh6 Nf8 16. Qxf6 Qe7 17. Qxe7 Rxe7 18. Rae1 Be6 19. Ng3 Bxa2 20. Ra1 Be6 21. Ne4 Bc7 22. Nf6+ Kg7 23. Nh5+ Kh8 24. Rae1 Bd6 25. Re4 Ng6 26. f4 Bf5 27. Rxe7 Nxe7 28. Bxf5 Nxf5 29. g4 Ne3 30. Re1 Nd5 31. f5 a5 32. h4 a4 33. g5 a3 34. Ra1 Kh7 35. bxa3 Rxa3 36. Rxa3 Bxa3 37. c4 Ne3 38. Ng3 Nxc4 39. Ne4 Ne3 40. Nf6+ Kg7 41. Nh5+ Kf8 42. Ng3 Bd6 43. Ne4 Nxf5 44. Nxd6 Nxd6 45. Kf2 Nf5 46. Kf3 Nxh4+ 47. Kg4 Ng6 0-1

[Event "Titled Tuesday intern op 11th Jul Early"]
[Site "Chess.com INT"]
[Date "2023.07.11"]
[Round "4"]
[White "Raj, Jaivardhan"]
[Black "Szente Varga, Fruzsina"]
[Result "0-1"]
[WhiteElo "2009"]
[BlackElo "2075"]
[PlyCount "28"]
[EventDate "2023.07.11"]
[EventType "swiss (blitz)"]
[EventRounds "11"]
[EventCountry "USA"]
[SourceTitle "EXT 2024"]
[Source "ChessBase"]
[SourceDate "2023.10.10"]
[SourceVersion "1"]
[SourceVersionDate "2023.10.10"]
[SourceQuality "1"]

1. e4 Nf6 2. e5 Nd5 3. d4 d6 4. c4 Nb6 5. exd6 exd6 6. Nc3 Be7 7. Nf3 0-0 8. Bd3 Bg4 9. 0-0 Nc6 10. Be3 Bf6 11. d5 Ne5 12. b3 Nxf3+ 13. gxf3 Bh3 14. Re1 Bxc3 0-1

[Event "Titled Tuesday intern op 04th Jul Early"]
[Site "Chess.com INT"]
[Date "2023.07.04"]
[Round "9"]
[White "Raj, Jaivardhan"]
[Black "Pein, Jonathan"]
[Result "0-1"]
[WhiteElo "2009"]
[BlackElo "2276"]
[PlyCount "123"]
[EventDate "2023.07.04"]
[EventType "swiss (blitz)"]
[EventRounds "11"]
[EventCountry "USA"]
[SourceTitle "EXT 2024"]
[Source "ChessBase"]
[SourceDate "2023.10.10"]
[SourceVersion "1"]
[SourceVersionDate "2023.10.10"]
[SourceQuality "1"]

1. e4 c5 2. Nf3 d6 3. d4 cxd4 4. Qxd4 e5 5. Qe3 Nf6 6. c4 Be7 7. Nc3 Nc6 8. Be2 Bg4 9. h3 Bxf3 10. Bxf3 Nd4 11. Bd1 Rc8 12. b3 b5 13. Nxb5 Nxb5 14. cxb5 Qa5+ 15. Bd2 Qxb5 16. Be2 Qb7 17. 0-0 Qxe4 18. Bb5+ Kf8 19. Qxa7 h5 20. Rac1 Ra8 21. Qc7 Ne8 22. Qd7 Rd8 23. Qa7 Qd5 24. Bxe8 Rxe8 25. Be3 g6 26. Rc7 Ra8 27. Qb7 Qxb7 28. Rxb7 Rxa2 29. Rb8+ Kg7 30. Rb7 Bf6 31. Rc1 d5 32. Rcc7 Rf8 33. Bc5 Ra1+ 34. Kh2 Raa8 35. Bxf8+ Rxf8 36. Rd7 d4 37. b4 e4 38. g3 d3 39. b5 Bc3 40. Rbc7 Ba5 41. Ra7 Bb6 42. Rab7 Bxf2 43. b6 e3 44. Rxd3 e2 45. Re7 e1Q 46. Rxe1 Bxe1 47. b7 Rb8 48. Rb3 Kf6 49. Kg2 Ba5 50. Kf3 Bc7 51. Ke4 Bxg3 52. Kd4 Kg5 53. Kc5 Kh4 54. Kc6 Kxh3 55. Kb6 f5 56. Ka7 Rg8 57. Rc3 Kg4 58. Rc8 Rg7 59. Rc3 h4 60. Rxg3+ hxg3 61. Ka8 Rxb7 62. Kxb7 0-1

[Event "Titled Tuesday intern op 13th Jun Early"]
[Site "Chess.com INT"]
[Date "2023.06.13"]
[Round "5"]
[White "Ciorgovean, Iustin"]
[Black "Raj, Jaivardhan"]
[Result "1-0"]
[WhiteElo "2305"]
[BlackElo "1901"]
[PlyCount "119"]
[EventDate "2023.06.13"]
[EventType "swiss (blitz)"]
[EventRounds "11"]
[EventCountry "USA"]
[SourceTitle "EXT 2024"]
[Source "ChessBase"]
[SourceDate "2023.10.10"]
[SourceVersion "1"]
[SourceVersionDate "2023.10.10"]
[SourceQuality "1"]

1. e4 c5 2. Nf3 e6 3. g3 Nc6 4. Bg2 Qc7 5. 0-0 d6 6. Re1 Nf6 7. c4 Be7 8. Nc3 a6 9. b3 0-0 10. d4 cxd4 11. Nxd4 Bd7 12. a4 Rfd8 13. Ba3 Rac8 14. Rb1 Nxd4 15. Qxd4 Bc6 16. Red1 h6 17. h3 b6 18. Bb4 Qb7 19. Rbc1 Nd7 20. Nd5 Bf8 21. Bc3 Nc5 22. Nf6+ gxf6 23. Qxf6 e5 24. b4 Bg7 25. Qf5 Nxe4 26. b5 axb5 27. axb5 Nxc3 28. Bxc6 Ne2+ 29. Kf1 Rxc6 30. bxc6 Qxc6 31. Kxe2 b5 32. cxb5 Qxb5+ 33. Qd3 Qb2+ 34. Kf1 Qb7 35. Qd5 Qe7 36. Kg2 Qe6 37. Rc6 Qf5 38. Rxd6 Rxd6 39. Qxd6 Bf6 40. Qd3 e4 41. Qd5 Qf3+ 42. Kg1 e3 43. Qxf3 exf2+ 44. Kxf2 Be5 45. Kg2 Bg7 46. Rd5 f6 47. Rf5 Kh7 48. Rxf6 Bxf6 49. Qxf6 Kg8 50. Qxh6 Kf7 51. Qg5 Ke6 52. h4 Kd6 53. h5 Ke6 54. h6 Kd6 55. h7 Ke6 56. Qg7 Kd6 57. h8Q Ke6 58. Qhf8 Kd5 59. Qge7 Kc4 60. Qfd8 1-0

[Event "Titled Tuesday intern op 13th Jun Early"]
[Site "Chess.com INT"]
[Date "2023.06.13"]
[Round "4"]
[White "Raj, Jaivardhan"]
[Black "Estrada Nieto, Julian"]
[Result "1-0"]
[WhiteElo "1901"]
[BlackElo "2217"]
[PlyCount "67"]
[EventDate "2023.06.13"]
[EventType "swiss (blitz)"]
[EventRounds "11"]
[EventCountry "USA"]
[SourceTitle "EXT 2024"]
[Source "ChessBase"]
[SourceDate "2023.10.10"]
[SourceVersion "1"]
[SourceVersionDate "2023.10.10"]
[SourceQuality "1"]

1. e4 e5 2. d4 exd4 3. Qxd4 Nc6 4. Qe3 Nf6 5. Nc3 Be7 6. Bd2 d5 7. exd5 Nxd5 8. Nxd5 Qxd5 9. Bd3 0-0 10. Ne2 Bf5 11. Nf4 Qd7 12. 0-0-0 Bxd3 13. Qxd3 Qxd3 14. Nxd3 Bd6 15. Rhe1 Rfe8 16. Bf4 Bxf4+ 17. Nxf4 Kf8 18. Nd5 Rxe1 19. Rxe1 Rc8 20. h4 Nd8 21. Nf4 c6 22. b3 Rc7 23. Rd1 Ke8 24. a4 Rd7 25. Rd2 g6 26. g4 Ke7 27. Re2+ Ne6 28. f3 Kf6 29. Nxe6 fxe6 30. c3 Rd5 31. Re4 a5 32. Kc2 e5 33. c4 Rd1 34. Kxd1 1-0

[Event "Titled Tuesday intern op 13th Jun Early"]
[Site "Chess.com INT"]
[Date "2023.06.13"]
[Round "3"]
[White "Ramirez, Vido Robert"]
[Black "Raj, Jaivardhan"]
[Result "0-1"]
[WhiteElo "2015"]
[BlackElo "1901"]
[PlyCount "72"]
[EventDate "2023.06.13"]
[EventType "swiss (blitz)"]
[EventRounds "11"]
[EventCountry "USA"]
[SourceTitle "EXT 2024"]
[Source "ChessBase"]
[SourceDate "2023.10.10"]
[SourceVersion "1"]
[SourceVersionDate "2023.10.10"]
[SourceQuality "1"]

1. e4 c5 2. Nf3 e6 3. d3 Nc6 4. g3 g6 5. Bg2 Bg7 6. 0-0 Nge7 7. c3 e5 8. a4 0-0 9. Na3 d6 10. Nc4 Be6 11. Ng5 Bc8 12. f4 h6 13. Nf3 Be6 14. Be3 exf4 15. gxf4 Kh7 16. Nh4 d5 17. Nd2 d4 18. cxd4 Nxd4 19. f5 gxf5 20. exf5 Nexf5 21. Nxf5 Nxf5 22. Be4 Qf6 23. Bxc5 Rfc8 24. Bb4 Qd4+ 25. Kh1 Qxb4 26. Rxf5 Bxf5 27. Bxf5+ Kg8 28. Bxc8 Rxc8 29. Nc4 Qc5 30. Qg4 Qd5+ 31. Qg2 Qxd3 32. Rg1 Qd4 33. Ne3 Rc5 34. h4 Qxh4+ 35. Qh2 Qe4+ 36. Qg2 Rh5# 0-1

[Event "Titled Tuesday intern op 23rd May Early"]
[Site "Chess.com INT"]
[Date "2023.05.23"]
[Round "7"]
[White "Kotepalli, Sai Nirupama"]
[Black "Raj, Jaivardhan"]
[Result "0-1"]
[WhiteElo "1910"]
[BlackElo "1901"]
[PlyCount "130"]
[EventDate "2023.05.23"]
[EventType "swiss (blitz)"]
[EventRounds "11"]
[EventCountry "USA"]
[SourceTitle "CBM 214 Extra"]
[Source "ChessBase"]
[SourceDate "2023.07.31"]
[SourceVersion "1"]
[SourceVersionDate "2023.07.31"]
[SourceQuality "1"]

1. e4 c5 2. Nf3 e6 3. d3 Nc6 4. g3 a6 5. Bg2 Qc7 6. 0-0 Nf6 7. c3 d6 8. Qe2 Be7 9. d4 cxd4 10. cxd4 0-0 11. Nc3 b5 12. e5 dxe5 13. dxe5 Nd7 14. Bf4 Bb7 15. Rac1 Rac8 16. Rfd1 Nc5 17. a3 Nb3 18. Rc2 Rfd8 19. Ne4 Rxd1+ 20. Qxd1 Rd8 21. Qf1 Qb6 22. Nd6 Ba8 23. Rc3 Nba5 24. Qc1 b4 25. axb4 Nxb4 26. Rc8 Nd3 27. Rxd8+ Bxd8 28. Qc8 Bxf3 29. Be3 Qc7 30. Qxc7 Bxc7 31. Bxf3 Nxb2 32. Be2 Na4 33. Bxa6 Nc6 34. f4 Nc3 35. Kf1 Nd5 36. Bd2 f6 37. Bc8 Nd8 38. Nb5 fxe5 39. Nxc7 Nxc7 40. Ba5 Nd5 41. Bxd8 Ne3+ 42. Ke2 exf4 43. Bxe6+ Kf8 44. gxf4 Ng2 45. Kf3 Ne1+ 46. Ke4 Ke8 47. Bb6 Nc2 48. Kd3 Nb4+ 49. Kc4 Nc6 50. Bd5 Ne7 51. Kb5 Nxd5 52. Kc6 Nxf4 53. Bc5 Ne6 54. Bd6 Ng5 55. h4 Nf3 56. h5 Kf7 57. Kd7 Ng5 58. h6 gxh6 59. Bf4 Kg6 60. Kd6 Kf5 61. Bh2 h5 62. Kd5 Nf3 63. Bg3 h4 64. Bb8 h3 65. Kc4 h2 0-1

[Event "Titled Tuesday intern op 16th May Early"]
[Site "Chess.com INT"]
[Date "2023.05.16"]
[Round "10"]
[White "Raj, Jaivardhan"]
[Black "Yonal, Timur"]
[Result "0-1"]
[WhiteElo "1901"]
[BlackElo "2039"]
[PlyCount "72"]
[EventDate "2023.05.16"]
[EventType "swiss (blitz)"]
[EventRounds "11"]
[EventCountry "USA"]
[SourceTitle "CBM 214 Extra"]
[Source "ChessBase"]
[SourceDate "2023.07.31"]
[SourceVersion "1"]
[SourceVersionDate "2023.07.31"]
[SourceQuality "1"]

1. e4 c5 2. Nf3 d6 3. d4 cxd4 4. Qxd4 Nf6 5. c4 Nc6 6. Qe3 e5 7. Nc3 Be7 8. h3 0-0 9. Be2 Be6 10. 0-0 Nd7 11. Rd1 Qc7 12. Rb1 a6 13. b3 Nb4 14. Qd2 Nc5 15. Ba3 Nc6 16. Rbc1 Rfd8 17. b4 Nd7 18. Nd5 Qb8 19. b5 axb5 20. cxb5 Bxd5 21. exd5 Nd4 22. Nxd4 exd4 23. Bb4 Nc5 24. Qxd4 Rxa2 25. Bc4 Ra4 26. Bxc5 dxc5 27. Qe3 Bd6 28. Re1 Bf4 29. Qb3 Rb4 30. Qf3 Bxc1 31. Rxc1 Qd6 32. Qe3 g6 33. Ba2 Ra8 34. Bc4 Qf6 35. d6 Qxd6 36. Qf3 Rxc4 0-1

[Event "Titled Tuesday intern op 09th May Early"]
[Site "Chess.com INT"]
[Date "2023.05.09"]
[Round "1"]
[White "Mrudul, Dehankar"]
[Black "Raj, Jaivardhan"]
[Result "1/2-1/2"]
[WhiteElo "2030"]
[BlackElo "1901"]
[PlyCount "200"]
[EventDate "2023.05.09"]
[EventType "swiss (blitz)"]
[EventRounds "11"]
[EventCountry "USA"]
[SourceTitle "CBM 214 Extra"]
[Source "ChessBase"]
[SourceDate "2023.07.31"]
[SourceVersion "1"]
[SourceVersionDate "2023.07.31"]
[SourceQuality "1"]

1. e4 c5 2. Nf3 e6 3. d4 cxd4 4. Nxd4 Nc6 5. Nc3 a6 6. Be2 Qc7 7. f4 Bb4 8. Nxc6 Qxc6 9. Qd4 Bf8 10. Be3 d6 11. Bf3 Qc7 12. 0-0-0 Nf6 13. g4 Nd7 14. Kb1 b5 15. h4 Bb7 16. h5 Rc8 17. g5 e5 18. Qd2 Be7 19. f5 Nb6 20. Qf2 Nc4 21. Bc1 b4 22. Nd5 Bxd5 23. exd5 Na5 24. Be4 Qd8 25. Rhg1 Nb7 26. Rdf1 Nc5 27. Bh1 Nd7 28. f6 gxf6 29. Be4 Rc4 30. Bf5 Qc7 31. g6 hxg6 32. hxg6 fxg6 33. Bxg6+ Kd8 34. Bf5 Re8 35. Rg7 Kc8 36. Qg2 Kb7 37. Qg6 Qc8 38. Qf7 Rc7 39. Rfg1 a5 40. Rg8 Rxg8 41. Rxg8 Bd8 42. Qe6 a4 43. Qxd6 b3 44. axb3 axb3 45. c3 Kb8 46. Qe6 Rb7 47. Rg7 Nb6 48. Qxc8+ Nxc8 49. Rxb7+ Kxb7 50. Be3 Nd6 51. Bg4 Nc4 52. Be2 Nxe3 53. Kc1 Nf5 54. Kd2 Nd6 55. Kd3 Bb6 56. c4 Kc7 57. Kc3 Bd4+ 58. Kxb3 Kb6 59. Kb4 Bxb2 60. c5+ Kc7 61. cxd6+ Kxd6 62. Kc4 Bd4 63. Bf3 f5 64. Bg2 Be3 65. Kd3 Bf4 66. Kc4 e4 67. Kd4 Be5+ 68. Kc4 e3 69. Kd3 f4 70. Bf3 Kc5 71. Ke4 Bd6 72. Kd3 Kb4 73. Bg2 Kb3 74. Bf3 Kb2 75. Ke2 Kc2 76. Bg2 Kc3 77. Bf3 Kd4 78. Bg2 Ke5 79. Bf3 Kf5 80. Bg2 Kg5 81. Bf3 Kh4 82. Be4 Kg3 83. Bf3 Kh2 84. Be4 Kg3 85. Bf3 Kh4 86. Be4 Be5 87. Bf3 Kg5 88. Be4 Kf6 89. Bf3 Ke7 90. Bg2 Kd6 91. Bf3 Bd4 92. Kd3 Be5 93. Ke2 Bd4 94. Kd3 Ke5 95. Bg2 Bc5 96. Bf3 Bd6 97. Ke2 Kd4 98. Bg2 Kc3 99. Bf3 Kc2 100. Bg2 Kc3 1/2-1/2

[Event "Titled Tuesday intern op 09th May Early"]
[Site "Chess.com INT"]
[Date "2023.05.09"]
[Round "11"]
[White "Womacka, Mathias"]
[Black "Raj, Jaivardhan"]
[Result "1-0"]
[WhiteElo "2396"]
[BlackElo "1901"]
[PlyCount "69"]
[EventDate "2023.05.09"]
[EventType "swiss (blitz)"]
[EventRounds "11"]
[EventCountry "USA"]
[SourceTitle "CBM 214 Extra"]
[Source "ChessBase"]
[SourceDate "2023.07.31"]
[SourceVersion "1"]
[SourceVersionDate "2023.07.31"]
[SourceQuality "1"]

1. e4 c5 2. Nf3 e6 3. d4 cxd4 4. Nxd4 Nc6 5. Nc3 a6 6. Be3 Qc7 7. Bd3 Nf6 8. 0-0 Bb4 9. f4 Bc5 10. Nce2 Qb6 11. c3 Qxb2 12. Kh1 Ng4 13. Bg1 Nxd4 14. cxd4 Be7 15. f5 exf5 16. Ng3 Nh6 17. exf5 0-0 18. f6 Bxf6 19. Rxf6 gxf6 20. Be3 Kg7 21. Nh5+ Kh8 22. Bxh6 Rg8 23. Be4 f5 24. Bf3 b5 25. Bxa8 d5 26. Bxd5 Be6 27. Bf3 Bc4 28. Bf4 Qf2 29. Be5+ Rg7 30. Bxg7+ Kg8 31. Be5 Be2 32. Qxe2 Qh4 33. Rc1 Qg5 34. Rc8+ Qd8 35. Rxd8# 1-0

[Event "Titled Tuesday intern op 09th May Early"]
[Site "Chess.com INT"]
[Date "2023.05.09"]
[Round "5"]
[White "Zavortink, Matt B"]
[Black "Raj, Jaivardhan"]
[Result "0-1"]
[WhiteElo "2193"]
[BlackElo "1901"]
[PlyCount "84"]
[EventDate "2023.05.09"]
[EventType "swiss (blitz)"]
[EventRounds "11"]
[EventCountry "USA"]
[SourceTitle "CBM 214 Extra"]
[Source "ChessBase"]
[SourceDate "2023.07.31"]
[SourceVersion "1"]
[SourceVersionDate "2023.07.31"]
[SourceQuality "1"]

1. Nf3 Nf6 2. g3 b6 3. Bg2 Bb7 4. 0-0 e6 5. c4 d6 6. d4 Nbd7 7. Qc2 Be4 8. Qb3 Qb8 9. Nc3 Bb7 10. Qc2 d5 11. cxd5 exd5 12. Nb5 Bd6 13. Nxd6+ cxd6 14. Bf4 0-0 15. Qb3 Ne4 16. Qa3 Ndf6 17. Bh3 Nh5 18. Be3 f5 19. Nd2 f4 20. Nxe4 dxe4 21. Bxf4 Nxf4 22. gxf4 Rxf4 23. e3 Rf6 24. Kh1 Rh6 25. Bg2 d5 26. h3 Bc8 27. Qe7 Bxh3 28. Rg1 Bd7+ 29. Bh3 Rxh3+ 30. Kg2 Qh2+ 31. Kf1 Rf3 32. Rg2 Qh1+ 33. Ke2 Qxg2 34. Qxd7 Qxf2+ 35. Kd1 Qf1+ 36. Kc2 Qf2+ 37. Kb3 Rxe3+ 38. Kb4 Qd2+ 39. Kb5 Qxb2+ 40. Ka6 Qa3+ 41. Kb7 Rf8 42. Rg1 Rf7 0-1

[Event "Wch FIDE Online U10 Asia qual"]
[Site "Tornelo INT"]
[Date "2020.12.13"]
[Round "7"]
[White "Raj, Jaivardhan"]
[Black "Aakash, G2222"]
[Result "0-1"]
[WhiteElo "1591"]
[BlackElo "1664"]
[PlyCount "64"]
[EventDate "2020.12.11"]
[EventType "swiss (rapid)"]
[EventRounds "7"]
[EventCountry "ISS"]
[SourceTitle "EXT 2022"]
[Source "ChessBase"]
[SourceDate "2021.10.06"]
[SourceVersion "1"]
[SourceVersionDate "2021.10.06"]
[SourceQuality "1"]

1. e4 e6 2. d4 d5 3. exd5 exd5 4. Bd3 Bd6 5. Nf3 Nc6 6. 0-0 Bg4 7. Re1+ Nge7 8. c3 Qd7 9. Nbd2 f6 10. Qc2 0-0-0 11. b4 Rde8 12. a4 Kb8 13. Ba3 h5 14. a5 h4 15. b5 Nd8 16. b6 Nec6 17. a6 cxb6 18. Bxd6+ Qxd6 19. axb7 Ne6 20. Ba6 Nf4 21. Qa4 Bxf3 22. Nxf3 Qc7 23. Bb5 Rxe1+ 24. Nxe1 Na5 25. Nc2 Qxc3 26. Nb4 h3 27. Nc6+ Nxc6 28. Bxc6 a5 29. Rb1 hxg2 30. Qb5 Qh3 31. f3 Qxh2+ 32. Kf2 g1Q# 0-1

[Event "FISCA Online U14 op"]
[Site "Chess.com INT"]
[Date "2020.05.10"]
[Round "2"]
[White "Paulet, Elena Cristiana"]
[Black "Raj, Jaivardhan"]
[Result "0-1"]
[WhiteElo "1308"]
[BlackElo "1590"]
[PlyCount "66"]
[EventDate "2020.05.09"]
[EventType "swiss"]
[EventRounds "9"]
[EventCountry "ROU"]
[SourceTitle "EXT 2021"]
[Source "ChessBase"]
[SourceDate "2020.10.23"]
[SourceVersion "1"]
[SourceVersionDate "2020.10.23"]
[SourceQuality "1"]

1. d4 d5 2. Bf4 Nf6 3. e3 e6 4. Nf3 Bd6 5. Bg3 0-0 6. Bd3 c5 7. c3 Nc6 8. Nbd2 Qe7 9. 0-0 e5 10. dxe5 Nxe5 11. Nxe5 Bxe5 12. Bxe5 Qxe5 13. Nf3 Qc7 14. h3 b6 15. Re1 Bb7 16. Qc2 Rfe8 17. Nd2 Re7 18. Re2 Rae8 19. Rae1 g6 20. Qb1 Nh5 21. b4 c4 22. Bc2 Nf4 23. Nf3 Nxe2+ 24. Rxe2 f5 25. Re1 Kg7 26. a3 f4 27. exf4 Rxe1+ 28. Nxe1 Qxf4 29. Nf3 d4 30. Nxd4 Qd2 31. Qb2 Re1+ 32. Kh2 Qf4+ 33. g3 Rh1# 0-1

[Event "Asian-ch U08 Rapid"]
[Site "Chiangmai"]
[Date "2018.04.01"]
[Round "1.1"]
[White "Raj, Jaivardhan"]
[Black "Manon, Reja Neer"]
[Result "0-1"]
[WhiteElo "1060"]
[BlackElo "1656"]
[PlyCount "62"]
[EventDate "2018.04.01"]
[EventType "swiss (rapid)"]
[EventRounds "7"]
[EventCountry "THA"]
[SourceTitle "EXT 2024"]
[Source "ChessBase"]
[SourceDate "2023.10.10"]
[SourceVersion "1"]
[SourceVersionDate "2023.10.10"]
[SourceQuality "1"]

1. e4 e6 2. d4 d5 3. Nd2 c5 4. exd5 exd5 5. dxc5 Bxc5 6. Nb3 Bb6 7. Nf3 Nf6 8. Bg5 Be6 9. Qd2 Nbd7 10. 0-0-0 Qc7 11. Re1 0-0 12. h4 Ne4 13. Qe2 Nxf2 14. Rh2 Rac8 15. Kb1 Bf5 16. Nbd4 Bxd4 17. Nxd4 Qxh2 18. Nxf5 Ne4 19. Ne7+ Kh8 20. Nxc8 Rxc8 21. Qg4 Qc7 22. Bd3 Ne5 23. Qh3 Nf2 24. Qg3 Nfxd3 25. cxd3 Qc2+ 26. Ka1 Nxd3 27. Rb1 h6 28. Be3 Nb4 29. Bd4 Qg6 30. Qxg6 fxg6 31. Bc3 Nc2# 0-1